History of the house of Siemens

Tallennettuna:
Bibliografiset tiedot
Päätekijä: Siemens, Georg
Aineistotyyppi: Kirja
Kieli:Undetermined
Julkaistu: Freiburg Verlag Karl Alber 1957
Aiheet:
Tagit: Lisää tagi
Ei tageja, Lisää ensimmäinen tagi!
Thư viện lưu trữ: Trung tâm Học liệu Trường Đại học Cần Thơ
LEADER 00488nam a2200181Ia 4500
001 CTU_84470
008 210402s9999 xx 000 0 und d
082 |a 338.4 
082 |b S571/Vol.1 
100 |a Siemens, Georg 
245 0 |a History of the house of Siemens 
245 0 |c Georg Siemens 
260 |a Freiburg 
260 |b Verlag Karl Alber 
260 |c 1957 
650 |a Science and halske 
904 |i QHieu(sửa) 
980 |a Trung tâm Học liệu Trường Đại học Cần Thơ